| 000 | 00964nam a2200229 a 4500 | ||
|---|---|---|---|
| 005 | 20250403063742.0 | ||
| 008 | 010918s1997 r 000 0 eng d | ||
| 020 | _a9706209522 (v.1.) | ||
| 020 | _a9709541225 (v.2.) | ||
| 020 | _a9706541888 (v.3.) | ||
| 035 | _aUPN01000111678 | ||
| 049 | _aCG | ||
| 050 | 4 |
_aF1256 _bCH5.26 |
|
| 245 | 0 | 0 |
_aChiapas para la historia : _bantología hemerográfica, 1° de enero de 1994 al 10 de abril de 1995 / _ccomp. Víctor Díaz Arciniega. |
| 260 |
_aMéxico : _bUAM-Azcapotzalco, _c1997. |
||
| 300 | _a3 v. | ||
| 505 | 8 |
_aContenido: _gv.1. _t1° de enero de 1994 al 10 de abril de 1995 -- _gv.2. _t23 de junio al 18 de diciembre de 1994 -- _gv.3. _t19 de diciembre de 1994 al 10 de abril de 1995 |
|
| 610 | 2 | 4 |
_aEjército Zapatista de Liberación Nacional (México) _96134 |
| 651 | 4 |
_aChiapas _xHistoria _yLevantamiento campesino, 1994 _96135 |
|
| 700 | 1 |
_aDíaz Arciniega, Víctor Manuel, _d1952- _ecomp. _940434 |
|
| 905 | _aLibro | ||
| 999 |
_c85586 _d85586 |
||